[Event "Choc des Generations"]
[Site "Montreal CAN"]
[Date "2017.04.08"]
[Round "2.5"]
[White "Bolduc, Steve"]
[Black "Rodrigue-Lemieux, Shawn"]
[Result "1/2-1/2"]
[WhiteElo "2192"]
[BlackElo "2084"]
[PlyCount "61"]
[EventDate "2017.04.07"]
[EventType "schev"]
[EventRounds "5"]
[EventCountry "CAN"]

1. e4 c6 2. Nc3 d5 3. Nf3 Bg4 4. h3 Bxf3 5. Qxf3 e6 6. d4 Nf6 7. Bg5 Be7 8.
O-O-O Nxe4 9. Bxe7 Qxe7 10. Nxe4 dxe4 11. Qxe4 Nd7 12. Qe3 Nf6 13. Bd3 Nd5 14.
Qg3 Qf6 15. Be4 O-O 16. h4 Rfd8 17. h5 h6 18. Qf3 Qg5+ 19. Kb1 a5 20. c3 a4 21.
a3 Ra6 22. Bc2 Nf6 23. Rh3 Kf8 24. Re1 Rb6 25. Re5 Qd2 26. Qd3 Qxd3 27. Rxd3
Rd5 28. Bxa4 Nxh5 29. c4 Rxe5 30. dxe5 Nf4 31. Rd4 1/2-1/2

[Event "Choc des Generations"]
[Site "Montreal CAN"]
[Date "2017.04.08"]
[Round "3.4"]
[White "Rodrigue-Lemieux, Shawn"]
[Black "Tremblay, Rejean"]
[Result "1/2-1/2"]
[WhiteElo "2084"]
[BlackElo "2181"]
[PlyCount "54"]
[EventDate "2017.04.07"]
[EventType "schev"]
[EventRounds "5"]
[EventCountry "CAN"]

1. d4 Nf6 2. c4 e6 3. Nf3 d5 4. cxd5 exd5 5. Qc2 Be7 6. Nc3 O-O 7. Bf4 c6 8. e3
Nbd7 9. Bd3 Re8 10. O-O-O Nf8 11. Rdg1 Ng6 12. h4 Nxf4 13. exf4 Bd6 14. Ne5 Qb6
15. Rd1 h6 16. Kb1 Kf8 17. Bf5 Bb4 18. Rh3 Bxc3 19. Rxc3 Bxf5 20. Qxf5 Qc7 21.
f3 Qc8 22. Qxc8 Raxc8 23. b4 h5 24. Rdc1 a6 25. Kc2 Re7 26. Re1 Ne8 27. Rce3
Rcc7 1/2-1/2

[Event "Choc des Generations"]
[Site "Montreal CAN"]
[Date "2017.04.09"]
[Round "4.3"]
[White "Sambuev, Bator"]
[Black "Rodrigue-Lemieux, Shawn"]
[Result "1-0"]
[WhiteElo "2554"]
[BlackElo "2089"]
[PlyCount "63"]
[EventDate "2017.04.07"]
[EventType "schev"]
[EventRounds "5"]
[EventCountry "CAN"]

1. Nf3 d5 2. c4 e6 3. d4 Nf6 4. Nc3 Be7 5. Bg5 O-O 6. e3 Nbd7 7. Rc1 Re8 8. Bd3
c6 9. O-O Nf8 10. Ne5 dxc4 11. Bxc4 Nd5 12. Bxe7 Qxe7 13. Ne4 Ng6 14. Qh5 Nf6
15. Nxf6+ gxf6 16. Ng4 f5 17. Ne5 Kh8 18. Bd3 Rg8 19. e4 Nxe5 20. dxe5 f4 21.
Rfd1 Bd7 22. Bf1 Be8 23. Rc3 Rg5 24. Qh6 Rxe5 25. Qxf4 Rg5 26. h4 Rg7 27. e5 c5
28. Rd6 Bc6 29. g3 Rag8 30. Be2 Qc7 31. Qf6 Qb6 32. h5 1-0

[Event "Choc des Generations"]
[Site "Montreal CAN"]
[Date "2017.04.09"]
[Round "5.4"]
[White "Rodrigue-Lemieux, Shawn"]
[Black "Libersan, Thierry"]
[Result "1-0"]
[WhiteElo "2089"]
[BlackElo "2094"]
[PlyCount "75"]
[EventDate "2017.04.07"]
[EventType "schev"]
[EventRounds "5"]
[EventCountry "CAN"]

1. d4 Nf6 2. c4 g6 3. Nc3 Bg7 4. e4 d6 5. Nf3 O-O 6. Be2 e5 7. dxe5 dxe5 8.
Qxd8 Rxd8 9. Bg5 Re8 10. Nd5 Nxd5 11. cxd5 c6 12. Bc4 b5 13. Bb3 Bb7 14. Rc1 a5
15. a4 h6 16. Be3 bxa4 17. Bxa4 Rc8 18. d6 Rd8 19. O-O Rxd6 20. Rfd1 Rxd1+ 21.
Rxd1 Bf6 22. Bxh6 Na6 23. Be3 Nb4 24. Bb3 Bc8 25. Rd6 Kg7 26. Bh6+ Kxh6 27.
Rxf6 a4 28. Bc4 Be6 29. Bxe6 fxe6 30. Nxe5 Rd8 31. h4 Rd1+ 32. Kh2 Rd2 33. Rf7
g5 34. Ng4+ Kg6 35. Rf6+ Kg7 36. h5 Rxb2 37. h6+ Kg8 38. Rg6+ 1-0

[Event "Mercredi 2017.03.29 ABCD"]
[Site "Montreal CAN"]
[Date "2017.03.29"]
[Round "1"]
[White "Rodrigue-Lemieux, Shawn"]
[Black "Huang, Qiuyu"]
[Result "1-0"]
[WhiteElo "2222"]
[BlackElo "2225"]
[PlyCount "93"]
[EventDate "2017.03.29"]
[EventType "tourn"]
[EventRounds "5"]
[EventCountry "CAN"]

1. e4 c5 2. Nf3 Nc6 3. Bb5 g6 4. Bxc6 bxc6 5. O-O Bg7 6. Re1 Nh6 7. d3 O-O 8.
c3 f5 9. e5 Nf7 10. d4 cxd4 11. cxd4 e6 12. Nbd2 g5 13. Nb3 g4 14. Nfd2 Qh4 15.
f4 gxf3 16. Nxf3 Qh5 17. Nc5 Nh8 18. Nd3 Ng6 19. Nf4 Nxf4 20. Bxf4 Ba6 21. Qd2
Bc4 22. Re3 h6 23. Ne1 Kf7 24. Rc1 Bb5 25. Kf2 Rh8 26. Rh3 Qg6 27. Rcc3 Ke7 28.
Rcg3 Qf7 29. a4 Ba6 30. Qa5 Bc8 31. Nd3 Rg8 32. Qc7 Ke8 33. Bd2 Bf8 34. Rxg8
Qxg8 35. Rg3 Qf7 36. Nf4 Be7 37. Ng6 Bd8 38. Qd6 f4 39. Bxf4 Bh4 40. Nxh4 Qxf4+
41. Nf3 Kf7 42. h3 Qf5 43. Kg1 Qf4 44. Rg4 Qf5 45. Nh4 Qb1+ 46. Kh2 h5 47. Rf4+
1-0

[Event "Mercredi 2017.03.29 ABCD"]
[Site "Montreal CAN"]
[Date "2017.04.05"]
[Round "2"]
[White "Beaulieu, Eric"]
[Black "Rodrigue-Lemieux, Shawn"]
[Result "1-0"]
[WhiteElo "2304"]
[BlackElo "2222"]
[PlyCount "81"]
[EventDate "2017.03.29"]
[EventType "tourn"]
[EventRounds "5"]
[EventCountry "CAN"]

1. d4 d6 2. c4 e5 3. Nf3 Nd7 4. e4 Ne7 5. Nc3 g6 6. h4 h6 7. Be3 Bg7 8. Qd2 Nc6
9. d5 Ne7 10. g4 Nf6 11. g5 Ng4 12. gxh6 Nxh6 13. h5 Ng4 14. h6 Nxe3 15. Qxe3
Ng8 16. hxg7 Rxh1 17. O-O-O a6 18. c5 Rh7 19. Bc4 Rxg7 20. Rh1 Bg4 21. Nd2 Qe7
22. f3 Bh5 23. cxd6 cxd6 24. Qb6 Rc8 25. Be2 Qc7 26. Qb4 Rd8 27. Nc4 Nf6 28.
Na5 Rd7 29. Kb1 g5 30. Na4 g4 31. Rc1 gxf3 32. Bxf3 Bxf3 33. Rxc7 Bxe4+ 34. Kc1
Rxc7+ 35. Nc3 Rg1+ 36. Kd2 Rg2+ 37. Ke1 Bf5 38. Nxb7 Nxd5 39. Qxd6 Rxb7 40.
Nxd5 Bd7 41. Qe7# 1-0

[Event "Mercredi 2017.03.29 ABCD"]
[Site "Montreal CAN"]
[Date "2017.04.12"]
[Round "3"]
[White "Rodrigue-Lemieux, Shawn"]
[Black "Ouellet, Maili-Jade"]
[Result "0-1"]
[WhiteElo "2222"]
[BlackElo "2229"]
[PlyCount "60"]
[EventDate "2017.03.29"]
[EventType "tourn"]
[EventRounds "5"]
[EventCountry "CAN"]

1. d4 d5 2. c4 e6 3. Nc3 Be7 4. Nf3 Nf6 5. Bg5 O-O 6. e3 Nbd7 7. cxd5 exd5 8.
Bd3 c6 9. O-O Re8 10. Qc2 Nf8 11. Ne5 N6d7 12. Bxe7 Qxe7 13. Nf3 Nf6 14. Rae1
Ng6 15. Nd2 Bd7 16. Nb3 b6 17. Qd2 Ne4 18. Nxe4 dxe4 19. Bc4 Nh4 20. Kh1 Bh3
21. Rg1 Qf6 22. Be2 Be6 23. Ref1 Bd5 24. Qd1 Qg5 25. Nd2 b5 26. a4 a6 27. Nb3
Re6 28. Nc5 Rh6 29. Qd2 Nf3 30. gxf3 Qh4 0-1

[Event "Mercredi 2017.03.29 ABCD"]
[Site "Montreal CAN"]
[Date "2017.04.19"]
[Round "4"]
[White "Rodrigue-Lemieux, Shawn"]
[Black "Lopez Linares, Lizandro"]
[Result "1-0"]
[WhiteElo "2222"]
[BlackElo "2192"]
[PlyCount "111"]
[EventDate "2017.03.29"]
[EventType "tourn"]
[EventRounds "5"]
[EventCountry "CAN"]

1. d4 d5 2. e3 Nf6 3. Bd3 c5 4. c3 cxd4 5. exd4 Qc7 6. Ne2 Bg4 7. f3 Bh5 8. Bf4
Qd7 9. Bxb8 Rxb8 10. Qb3 Kd8 11. Nd2 Bg6 12. Bxg6 hxg6 13. O-O-O Qc7 14. g3 e6
15. Kb1 b5 16. Nf4 a5 17. Nd3 Bd6 18. Rc1 Ke7 19. Qd1 Qb6 20. Qg1 Rhc8 21. Qe3
Rc7 22. g4 Rbc8 23. h4 b4 24. cxb4 Rxc1+ 25. Rxc1 Rxc1+ 26. Kxc1 axb4 27. Nb3
Qa6 28. Kb1 Qc4 29. Nd2 Qb5 30. Nb3 Nd7 31. h5 gxh5 32. gxh5 Nf6 33. Nbc1 Qb8
34. Qg5 Qh8 35. Kc2 Kd7 36. Nb3 Qh7 37. Nbc5+ Kc6 38. Qd2 Bxc5 39. dxc5 Qxh5
40. Qxb4 Qh2+ 41. Kb3 Qc7 42. a4 Kd7 43. Qb5+ Ke7 44. a5 Nd7 45. c6 Nb8 46.
Qc5+ Kf6 47. Nb4 Kg6 48. Qb6 Qf4 49. a6 Qxf3+ 50. Ka2 Qd1 51. Ka3 Qf3+ 52. b3
Qf4 53. Qc5 Qc7 54. a7 Nd7 55. Qg1+ Kh7 56. a8=Q 1-0

[Event "Mercredi 2017.03.29 ABCD"]
[Site "Montreal CAN"]
[Date "2017.04.26"]
[Round "5"]
[White "Tremblay, Alain"]
[Black "Rodrigue-Lemieux, Shawn"]
[Result "1/2-1/2"]
[WhiteElo "2225"]
[BlackElo "2222"]
[PlyCount "64"]
[EventDate "2017.03.29"]
[EventType "tourn"]
[EventRounds "5"]
[EventCountry "CAN"]

1. d4 d5 2. c4 e5 3. dxe5 d4 4. Nf3 Nc6 5. a3 Nge7 6. b4 Ng6 7. Bb2 a5 8. b5
Ncxe5 9. Nxe5 Nxe5 10. e3 Be6 11. Bxd4 Nxc4 12. Qc2 Nd6 13. Bd3 Qg5 14. O-O
Nxb5 15. Bxb5+ Qxb5 16. Qxc7 Rc8 17. Qf4 Be7 18. Nc3 Qh5 19. Rfb1 Rd8 20. Rb5
Qg6 21. Rxb7 Bd6 22. Be5 Bxe5 23. Qxe5 O-O 24. e4 Rfe8 25. Rab1 Ba2 26. Rd1 f6
27. Qg3 Rxd1+ 28. Nxd1 Qxg3 29. hxg3 Rxe4 30. Nc3 Re1+ 31. Kh2 Be6 32. Rb5 Re5
1/2-1/2

[Event "Trois-Riveres op"]
[Site "Trois-Rivieres CAN"]
[Date "2017.03.18"]
[Round "2.10"]
[White "Pare, Marc"]
[Black "Rodrigue-Lemieux, Shawn"]
[Result "0-1"]
[WhiteElo "2076"]
[BlackElo "2188"]
[PlyCount "148"]
[EventDate "2017.03.17"]
[EventType "swiss"]
[EventRounds "5"]
[EventCountry "CAN"]

1. e4 c6 2. d4 d5 3. exd5 cxd5 4. Bd3 Nc6 5. c3 Qc7 6. Nf3 Bg4 7. Nbd2 Nf6 8.
O-O e6 9. h3 Bh5 10. Qe2 Bd6 11. Re1 O-O 12. g4 Bg6 13. Bxg6 hxg6 14. Ne5 Bxe5
15. dxe5 Nd7 16. Nf3 Rac8 17. Bf4 Nb6 18. Rac1 a6 19. Ng5 Qe7 20. Qe3 Nd7 21.
Qg3 Rfe8 22. h4 Nf8 23. h5 f6 24. exf6 Qxf6 25. Nf3 Nd7 26. g5 Qf7 27. hxg6
Qxg6 28. Nh4 Qh5 29. Bd6 Nd8 30. f4 Nf7 31. Bb4 Nc5 32. Bxc5 Rxc5 33. Rc2 Nd6
34. Rh2 Ne4 35. Qg2 Rc7 36. Nf3 Qf7 37. Ne5 Qf5 38. Rh4 Kf8 39. Qh2 Ke7 40. Nf3
Kd8 41. Nd4 Qf7 42. Rf1 Nd6 43. f5 Nxf5 44. Rh8 g6 45. Qe5 Rxh8 46. Nxe6+ Qxe6
47. Qxe6 Ne7 48. Qd6+ Rd7 49. Qb8+ Nc8 50. Qe5 Re8 51. Qf6+ Ne7 52. Rf4 Rc7 53.
Rd4 Kd7 54. Qf4 Rc6 55. c4 Re6 56. Kf2 Nc6 57. Rxd5+ Kc8 58. Qg4 Kb8 59. Rd2
Re4 60. Qg3+ Ka8 61. b3 Rf8+ 62. Kg1 Rff4 63. Rg2 Ne5 64. Qc3 Nf3+ 65. Kf2 Nh4+
66. Kg1 Nf3+ 67. Kf2 Nh4+ 68. Kg1 Nxg2 69. Kxg2 Rf5 70. Qd2 Rg4+ 71. Kh3 Rfxg5
72. Qd8+ Ka7 73. c5 Rg3+ 74. Kh4 R5g4# 0-1

[Event "Trois-Riveres op"]
[Site "Trois-Rivieres CAN"]
[Date "2017.03.18"]
[Round "3.9"]
[White "Rodrigue-Lemieux, Shawn"]
[Black "Johnson-Constantin, Matthieu"]
[Result "1/2-1/2"]
[WhiteElo "2188"]
[BlackElo "2073"]
[PlyCount "94"]
[EventDate "2017.03.17"]
[EventType "swiss"]
[EventRounds "5"]
[EventCountry "CAN"]

1. e4 e6 2. d4 d5 3. Nd2 c5 4. Ngf3 Nc6 5. c3 Nf6 6. Bd3 Qb6 7. dxc5 Bxc5 8.
O-O Bd7 9. b4 Be7 10. a4 Qc7 11. Bb2 dxe4 12. Nxe4 Nxe4 13. Bxe4 Bf6 14. Qe2
O-O 15. Rad1 Ne7 16. Bc2 g6 17. Bb3 Bc6 18. Nd4 Rad8 19. c4 Qe5 20. Qxe5 Bxe5
21. Nxe6 Rxd1 22. Rxd1 Bxb2 23. Nxf8 Kxf8 24. Rd8+ Kg7 25. b5 Be4 26. Rd7 Ba3
27. f3 Bc5+ 28. Kh1 Bf5 29. Rxb7 Nc8 30. a5 Be6 31. Bc2 Kf6 32. Rc7 Bd6 33. Rc6
Ke7 34. Bd3 Bb8 35. Ra6 Nd6 36. b6 axb6 37. axb6 Bxc4 38. Bxc4 Nxc4 39. Ra8
Bxh2 40. Ra7+ Ke8 41. Kxh2 Nxb6 42. Kg3 Nd5 43. Kg4 Kf8 44. f4 Kg7 45. Kf3 h5
46. Ke4 Nf6+ 47. Kd4 Ng4 1/2-1/2

[Event "Trois-Riveres op"]
[Site "Trois-Rivieres CAN"]
[Date "2017.03.19"]
[Round "4.9"]
[White "Tanaka, Tyler"]
[Black "Rodrigue-Lemieux, Shawn"]
[Result "0-1"]
[WhiteElo "2022"]
[BlackElo "2188"]
[PlyCount "76"]
[EventDate "2017.03.17"]
[EventType "swiss"]
[EventRounds "5"]
[EventCountry "CAN"]

1. e4 c6 2. d4 d5 3. Nc3 dxe4 4. Nxe4 Nf6 5. Nxf6+ gxf6 6. c3 Bf5 7. Nf3 Qc7 8.
g3 Nd7 9. Qe2 e5 10. Be3 O-O-O 11. O-O-O Qa5 12. Nh4 Be6 13. a3 Bb3 14. Rd2 Nb6
15. dxe5 Bxa3 16. Bh3+ Kb8 17. Rxd8+ Rxd8 18. Bxb6 axb6 19. Bf5 Bxb2+ 20. Qxb2
Qd5 21. Qa3 Qxh1+ 22. Kb2 Qxh2 23. Kxb3 Qxf2 24. Qe7 Rd5 25. c4 Qxg3+ 26. Kb2
Rd2+ 27. Bc2 Qxe5+ 28. Qxe5+ fxe5 29. Nf3 Re2 30. Ng5 f5 31. Nxh7 e4 32. Ng5
Kc7 33. Nf7 Kd7 34. Ne5+ Ke6 35. Ng6 Kf6 36. Nf4 Rf2 37. Nh5+ Kg6 38. Ng3 Kg5
0-1

[Event "Trois-Riveres op"]
[Site "Trois-Rivieres CAN"]
[Date "2017.03.19"]
[Round "5.5"]
[White "Rodrigue-Lemieux, Shawn"]
[Black "Bolduc, Steve"]
[Result "1-0"]
[WhiteElo "2188"]
[BlackElo "2242"]
[PlyCount "56"]
[EventDate "2017.03.17"]
[EventType "swiss"]
[EventRounds "5"]
[EventCountry "CAN"]

1. d4 Nf6 2. Nf3 e6 3. e3 b6 4. Bd3 Bb7 5. Nbd2 d5 6. O-O Bd6 7. Ne5 O-O 8. f4
c5 9. c3 Nc6 10. g4 Ne7 11. Qf3 Nd7 12. Qh3 g6 13. Qh6 Kh8 14. Ndf3 Ng8 15. Qh3
Nxe5 16. dxe5 Bc7 17. f5 exf5 18. gxf5 Qd7 19. Rf2 Rae8 20. Rg2 Bc8 21. e6 fxe6
22. fxg6 Re7 23. gxh7 Nf6 24. Nh4 Rg7 25. Rxg7 Kxg7 26. Qg2+ Kf7 27. Qg6+ Ke7
28. Qg7+ Rf7 1-0

[Event "Quebec-ch U14"]
[Site "Montreal CAN"]
[Date "2017.03.04"]
[Round "1"]
[White "Rodrigue-Lemieux, Shawn"]
[Black "Tinica, Gabriel"]
[Result "1/2-1/2"]
[WhiteElo "2201"]
[BlackElo "1689"]
[PlyCount "103"]
[EventDate "2017.03.04"]
[EventType "swiss"]
[EventRounds "5"]
[EventCountry "CAN"]

1. c4 e6 2. Nf3 d5 3. b3 c6 4. Bb2 f5 5. e3 Nf6 6. Be2 Bd6 7. O-O O-O 8. d3
Nbd7 9. Nbd2 Bc7 10. Re1 a5 11. Bf1 e5 12. cxd5 cxd5 13. e4 fxe4 14. dxe4 d4
15. Bc4+ Kh8 16. Ng5 Nb6 17. Nf7+ Rxf7 18. Bxf7 Qe7 19. Bc4 Nxc4 20. Nxc4 b5
21. Nd2 Be6 22. Rc1 Rf8 23. Nf1 Qf7 24. Ng3 Bb6 25. f3 Qd7 26. Qd3 h5 27. Rc2
h4 28. Ne2 a4 29. Rb1 axb3 30. axb3 Bxb3 31. Qxb3 d3+ 32. Kh1 dxc2 33. Qxc2 Rc8
34. Bc3 Ba5 35. Qb2 Bxc3 36. Nxc3 Qd4 37. Ne2 Qf2 38. h3 b4 39. Qd2 Nh5 40. Qg5
Ng3+ 41. Nxg3 Qxg3 42. Qg4 Qxg4 43. hxg4 Rb8 44. Kg1 Kh7 45. Kf2 Kg6 46. Ke3
Kg5 47. Rb3 Rb7 48. Rb2 b3 49. Kd3 Kf4 50. Kc4 g5 51. Kd5 Rb5+ 52. Kc4 1/2-1/2

[Event "Quebec-ch U14"]
[Site "Montreal CAN"]
[Date "2017.03.04"]
[Round "2"]
[White "Huang, Qiuyu"]
[Black "Rodrigue-Lemieux, Shawn"]
[Result "0-1"]
[WhiteElo "2209"]
[BlackElo "2201"]
[PlyCount "62"]
[EventDate "2017.03.04"]
[EventType "swiss"]
[EventRounds "5"]
[EventCountry "CAN"]

1. e4 c6 2. d4 d5 3. exd5 cxd5 4. Bd3 Nc6 5. c3 Qc7 6. Ne2 Bg4 7. f3 Bd7 8. O-O
e5 9. Be3 Bd6 10. g3 Nge7 11. a4 O-O 12. Na3 a6 13. f4 e4 14. Bb1 Bh3 15. Re1
Nf5 16. Qd2 Na5 17. Ba2 Bxa3 18. bxa3 Nc4 19. Bxc4 Qxc4 20. Reb1 Qd3 21. Kf2
Nh6 22. Ke1 Nf5 23. Kf2 Rfe8 24. Rb2 Nh6 25. Ke1 Ng4 26. Bg1 Qf3 27. Kd1 e3 28.
Qe1 Nf2+ 29. Kc2 Nd3 30. Qd1 Nxb2 31. Kxb2 Bg4 0-1

[Event "Quebec-ch U14"]
[Site "Montreal CAN"]
[Date "2017.03.04"]
[Round "3"]
[White "Rodrigue-Lemieux, Shawn"]
[Black "Durette, Francis"]
[Result "1/2-1/2"]
[WhiteElo "2201"]
[BlackElo "2156"]
[PlyCount "40"]
[EventDate "2017.03.04"]
[EventType "swiss"]
[EventRounds "5"]
[EventCountry "CAN"]

1. d4 Nf6 2. c4 g6 3. Nc3 Bg7 4. e4 d6 5. Nf3 O-O 6. Be2 e5 7. dxe5 dxe5 8.
Qxd8 Rxd8 9. Bg5 c6 10. Nxe5 Re8 11. O-O-O Nxe4 12. Nxe4 Bxe5 13. f4 Bf5 14.
Ng3 Bc7 15. Bf3 Be6 16. b3 Kg7 17. Ne2 Na6 18. g4 f6 19. Bh4 Bf7 20. Bf2 Re7
1/2-1/2

[Event "Quebec-ch U14"]
[Site "Montreal CAN"]
[Date "2017.03.05"]
[Round "4"]
[White "Lachapelle, Vincent"]
[Black "Rodrigue-Lemieux, Shawn"]
[Result "0-1"]
[WhiteElo "1171"]
[BlackElo "2201"]
[PlyCount "42"]
[EventDate "2017.03.04"]
[EventType "swiss"]
[EventRounds "5"]
[EventCountry "CAN"]

1. d4 Nf6 2. c4 d6 3. Nc3 Nbd7 4. e4 g6 5. Nf3 Bg7 6. Bd3 O-O 7. O-O e5 8. d5
Ne8 9. Ne1 f5 10. f4 Nc5 11. Bc2 a5 12. g3 b6 13. b3 exf4 14. Bb2 fxg3 15. hxg3
Qg5 16. Qf3 fxe4 17. Qg2 Bd4+ 18. Kh1 Qh5+ 19. Qh2 Rxf1+ 20. Kg2 Rg1+ 21. Qxg1
Qh3# 0-1

[Event "Quebec-ch U14"]
[Site "Montreal CAN"]
[Date "2017.03.05"]
[Round "5"]
[White "Rodrigue-Lemieux, Shawn"]
[Black "Zhong, Wenxuan"]
[Result "1-0"]
[WhiteElo "2201"]
[BlackElo "1821"]
[PlyCount "109"]
[EventDate "2017.03.04"]
[EventType "swiss"]
[EventRounds "5"]
[EventCountry "CAN"]

1. d4 d5 2. c4 e6 3. Nc3 Nf6 4. Bg5 Be7 5. cxd5 exd5 6. Qc2 O-O 7. e3 Be6 8.
Bd3 h6 9. Bh4 c5 10. Nf3 Nc6 11. O-O Nb4 12. Qd2 Nxd3 13. Qxd3 c4 14. Qc2 a6
15. Ne5 Nd7 16. Bxe7 Qxe7 17. f4 Nxe5 18. dxe5 f5 19. Ne2 b5 20. Nd4 b4 21. Qa4
Rfc8 22. Nxe6 Qxe6 23. Qxb4 Rab8 24. Qc3 Rb5 25. Rad1 Qb6 26. Rf2 Rc6 27. Rc2
g5 28. g3 gxf4 29. gxf4 Rg6+ 30. Kf2 Rg4 31. Rg1 Qg6 32. Rcc1 Qh5 33. Rxg4+
fxg4 34. Kg1 Qh3 35. Rc2 Qf3 36. Qd4 Rb7 37. Rf2 Qe4 38. Qxe4 dxe4 39. Kg2 Kf7
40. Kg3 h5 41. f5 Rb5 42. Kf4 Rb4 43. Kg5 Rb5 44. e6+ Ke7 45. Kg6 h4 46. f6+
Kxe6 47. f7 Rb8 48. f8=Q Rxf8 49. Rxf8 g3 50. hxg3 hxg3 51. Rf4 Kd5 52. Rg4 c3
53. bxc3 Kc4 54. Kf5 Kxc3 55. Kxe4 1-0

[Event "Mercredi 2017.02.15 ABCD"]
[Site "Montreal CAN"]
[Date "2017.02.15"]
[Round "1"]
[White "Rodrigue-Lemieux, Shawn"]
[Black "Cloutier, Mathieu"]
[Result "0-1"]
[WhiteElo "2197"]
[BlackElo "2190"]
[PlyCount "110"]
[EventDate "2017.02.15"]
[EventType "tourn"]
[EventRounds "5"]
[EventCountry "CAN"]

1. e4 c5 2. Nf3 d6 3. d4 cxd4 4. Qxd4 Nc6 5. Bb5 Bd7 6. Bxc6 bxc6 7. O-O e5 8.
Qd3 Be7 9. c4 Qc7 10. Nc3 Nf6 11. Rd1 h6 12. b3 O-O 13. Bb2 Be6 14. Rac1 Nh5
15. c5 dxc5 16. Na4 c4 17. bxc4 Nf4 18. Qe3 Qa5 19. Nc3 Bxc4 20. Nd2 Be6 21.
Ne2 Ng6 22. Nf3 Qb6 23. Ba1 Bxa2 24. Nc3 Qa6 25. Nxa2 Qxa2 26. Rxc6 f6 27. Rc7
Bd8 28. Rb7 Bb6 29. Qd2 Qxd2 30. Rxd2 Rfd8 31. Bc3 Rxd2 32. Bxd2 Rd8 33. g3 Nf8
34. Bb4 Ne6 35. Kg2 Nc5 36. Bxc5 Bxc5 37. Nh4 Ra8 38. Rb5 Bd4 39. Nf5 a5 40.
Nxd4 exd4 41. Kf3 a4 42. Rb2 a3 43. Ra2 Kf7 44. Ke2 Ke6 45. Kd3 Ra4 46. f4 f5
47. h3 fxe4+ 48. Kxe4 Kd6 49. g4 Kc5 50. g5 Kb4 51. gxh6 gxh6 52. f5 Kb3 53.
Ra1 Kb2 54. Rf1 a2 55. f6 a1=Q 0-1

[Event "Mercredi 2017.02.15 ABCD"]
[Site "Montreal CAN"]
[Date "2017.02.22"]
[Round "2"]
[White "Beaulieu, Eric"]
[Black "Rodrigue-Lemieux, Shawn"]
[Result "0-1"]
[WhiteElo "2206"]
[BlackElo "2197"]
[PlyCount "66"]
[EventDate "2017.02.15"]
[EventType "tourn"]
[EventRounds "5"]
[EventCountry "CAN"]

1. d4 d5 2. c4 e6 3. Nc3 Be7 4. g3 Nf6 5. Bg2 O-O 6. Nf3 dxc4 7. O-O c5 8. dxc5
Bxc5 9. Qxd8 Rxd8 10. Ne5 Nbd7 11. Nxc4 Nb6 12. Nxb6 Bxb6 13. Bf4 Nd5 14. Rfd1
Nxf4 15. gxf4 Kf8 16. Na4 Rxd1+ 17. Rxd1 Bc7 18. e3 Ke7 19. Nc5 Rb8 20. Rc1 Bd8
21. b4 f6 22. Be4 h6 23. Kg2 g5 24. fxg5 hxg5 25. f4 f5 26. Bf3 g4 27. Be2 b6
28. Nb3 Bb7+ 29. Kg3 Kf6 30. Nd4 Bd5 31. a4 Be7 32. b5 Rh8 33. Bf1 Kg6 0-1

[Event "Mercredi 2017.02.15 ABCD"]
[Site "Montreal CAN"]
[Date "2017.03.01"]
[Round "3"]
[White "Rodrigue-Lemieux, Shawn"]
[Black "Huang, Qiuyu"]
[Result "0-1"]
[WhiteElo "2197"]
[BlackElo "2190"]
[PlyCount "90"]
[EventDate "2017.02.15"]
[EventType "tourn"]
[EventRounds "5"]
[EventCountry "CAN"]

1. e4 c5 2. Nf3 Nc6 3. Bb5 g6 4. O-O Bg7 5. Bxc6 bxc6 6. Re1 d5 7. e5 Nh6 8. b3
Qc7 9. c3 Bg4 10. d3 Nf5 11. Bf4 O-O 12. h3 Bxf3 13. Qxf3 h6 14. Nd2 Qa5 15.
Rec1 f6 16. e6 Nh4 17. Qg3 g5 18. a3 Ng6 19. Be3 f5 20. b4 Qa6 21. Bxc5 Nf4 22.
Qe3 Qxd3 23. Re1 Bxc3 24. Rad1 d4 25. Qxd3 Nxd3 26. Re2 Nb2 27. Rb1 d3 28. Re3
Bxd2 29. Rxb2 Bxe3 30. fxe3 Rfd8 31. Rd2 Kf8 32. g4 fxg4 33. hxg4 a5 34. bxa5
Rd5 35. Bb6 c5 36. e4 Re5 37. Rxd3 Rxe4 38. Bxc5 Rxa5 39. Bb4 Rxg4+ 40. Kh2
Rxb4 41. axb4 Re5 42. Kg3 Rxe6 43. b5 Kg7 44. Rb3 Rb6 45. Rb4 h5 0-1

[Event "Mercredi 2017.02.15 ABCD"]
[Site "Montreal CAN"]
[Date "2017.03.08"]
[Round "4"]
[White "Soudre, Nicolas"]
[Black "Rodrigue-Lemieux, Shawn"]
[Result "1/2-1/2"]
[WhiteElo "2225"]
[BlackElo "2197"]
[PlyCount "90"]
[EventDate "2017.02.15"]
[EventType "tourn"]
[EventRounds "5"]
[EventCountry "CAN"]

1. e4 c6 2. d4 d5 3. Nc3 dxe4 4. Nxe4 Nd7 5. Nf3 Ngf6 6. Ng3 e6 7. Bc4 Bd6 8.
O-O O-O 9. Qe2 Re8 10. Re1 b5 11. Bb3 Bb7 12. Bg5 h6 13. Ne4 Be7 14. Nxf6+ Bxf6
15. Bxf6 Nxf6 16. Rad1 Qb6 17. Qe3 Rac8 18. Ne5 Rc7 19. Nd3 Nd7 20. Nc5 Bc8 21.
c3 Nf6 22. f4 Rce7 23. Nd3 Ng4 24. Qf3 Nf6 25. h3 Nd7 26. Qe3 Bb7 27. Re2 a5
28. Nc5 Bc8 29. Rde1 Qc7 30. Bc2 Nf6 31. Qf3 Qd6 32. Be4 Nd5 33. g3 Bd7 34. Bc2
Bc8 35. Qe4 Nf6 36. Qe5 Rd8 37. Be4 Rc7 38. Bf3 Kf8 39. g4 Qxe5 40. fxe5 Nd7
41. Nxd7+ Rdxd7 42. Kf2 c5 43. Ke3 Ke7 44. Rd2 f6 45. exf6+ gxf6 1/2-1/2

[Event "Mercredi 2017.02.15 ABCD"]
[Site "Montreal CAN"]
[Date "2017.03.15"]
[Round "5"]
[White "Rodrigue-Lemieux, Shawn"]
[Black "Tremblay, Alain"]
[Result "1/2-1/2"]
[WhiteElo "2197"]
[BlackElo "2218"]
[PlyCount "30"]
[EventDate "2017.02.15"]
[EventType "tourn"]
[EventRounds "5"]
[EventCountry "CAN"]

1. e4 e5 2. Nf3 Nc6 3. Bc4 Bc5 4. O-O Nf6 5. d4 exd4 6. e5 d5 7. exf6 dxc4 8.
Re1+ Be6 9. Ng5 Qd5 10. Nc3 Qf5 11. Nce4 O-O-O 12. g4 Qe5 13. Nxe6 fxe6 14.
Nxc5 Qxc5 15. fxg7 Rhg8 1/2-1/2

[Event "CMA Futurity 2017.01.10 ABCD"]
[Site "Montreal CAN"]
[Date "2017.02.10"]
[Round "1"]
[White "Tremblay, Alain"]
[Black "Rodrigue-Lemieux, Shawn"]
[Result "1/2-1/2"]
[WhiteElo "2059"]
[BlackElo "2036"]
[PlyCount "67"]
[EventDate "2017.02.10"]
[EventType "tourn"]
[EventRounds "5"]
[EventCountry "CAN"]

1. Nf3 d5 2. c4 e6 3. e3 Nf6 4. b3 Be7 5. Bb2 O-O 6. Be2 c5 7. O-O dxc4 8. bxc4
Nc6 9. d4 b6 10. Nc3 cxd4 11. exd4 Bb7 12. d5 exd5 13. Nxd5 Nxd5 14. cxd5 Na5
15. Qa4 Bf6 16. Bxf6 Qxf6 17. Rad1 Rfd8 18. Qe4 Re8 19. Qd3 Rad8 20. d6 Re6 21.
d7 Re7 22. Rfe1 Bc6 23. Qa6 Rexd7 24. Rxd7 Rxd7 25. Bb5 g6 26. Bxc6 Qxc6 27.
Qe2 Qd6 28. Qe8+ Kg7 29. h4 Nc6 30. Qa8 Qc7 31. Qe8 Re7 32. Rxe7 Nxe7 33. Qa4
Nf5 34. g4 1/2-1/2

[Event "CMA Futurity 2017.01.10 ABCD"]
[Site "Montreal CAN"]
[Date "2017.02.11"]
[Round "2"]
[White "Hollander, Michael"]
[Black "Rodrigue-Lemieux, Shawn"]
[Result "0-1"]
[WhiteElo "1998"]
[BlackElo "2036"]
[PlyCount "60"]
[EventDate "2017.02.10"]
[EventType "tourn"]
[EventRounds "5"]
[EventCountry "CAN"]

1. e4 c6 2. d4 d5 3. Nc3 dxe4 4. Nxe4 Nf6 5. Nxf6+ gxf6 6. Bf4 Rg8 7. Nf3 Qd5
8. g3 Bf5 9. c4 Qe4+ 10. Qe2 Na6 11. a3 O-O-O 12. Bg2 Qxe2+ 13. Kxe2 Bg7 14.
Rhd1 e5 15. Be3 Kb8 16. Nh4 Bc8 17. Be4 exd4 18. Rxd4 Rxd4 19. Bxd4 Re8 20. Kd3
Rd8 21. Ke3 Rxd4 22. Kxd4 f5+ 23. Ke3 fxe4 24. Kxe4 Bxb2 25. Ra2 Bf6 26. Nf3
Be6 27. Nd2 Nc5+ 28. Ke3 Kc7 29. Rc2 Kd6 30. f3 a5 0-1